000 00808nas a2200289 4500
001 BR8006445
003 BR-BrBNA
005 20231205084423.0
007 ta
008 230509b bl.|||p| |||| 00| 00por d
040 _aBR-BrBNA
_bpor
_cBiblioteca Nacional de Agricultura
041 _a(Pt)
072 _aL00; L73
100 1 _aLosso, A.C.
245 1 _aCriacao de caprinos [raca, verminose, eimeriose, sarna, frieira, pediculose, raquitismo]
650 _aCAPRINOCULTURA
650 _aCRIACAO
650 _aVERMINOSE
650 _aEIMERIOSE
650 _aSARNA
650 _aFRIEIRA
650 _aPEDICULOSE
650 _aRAQUITISMO
773 0 _tLavoura Pecuaria (Brazil)
_x
_g(Dec 1980), v. 3(14) p. 30-33
_wBR8006445
909 _a202311
_bLúcia
_c55
_dLúcia Elande
942 _2AGRIS
_n0
_cANA
999 _c105105
_d105105